| 000 | 00741nam a2200193 a 4500 | ||
|---|---|---|---|
| 005 | 20140412111234.0 | ||
| 008 | 010604s19uu xx 00 eng d | ||
| 020 | _a0-307-12842-3 | ||
| 050 |
_aER _bOn2 1996 |
||
| 100 | _aMann, P. Z. | ||
| 245 |
_a101 dalmatians / _cadapted by P. Z. Mann. |
||
| 260 |
_aNew York : _bA Golden Bool, _c1996. |
||
| 300 | _a1v.(unp.) ; ill. | ||
| 440 | _aDisney's | ||
| 520 | _aCruella DeVil, that wicked, scheming villainess, will stop at nothing to get the animal furs she loves to wear. But she's no match for the Dalmatians Perdy and Pongo, who also will do whatever it takes to rescue and protect their beloved puppies. | ||
| 650 | _aPuppies-Stories | ||
| 650 | _aPuppies-Fiction | ||
| 999 |
_c102316 _d102316 |
||